00586nam a2200169 a 450000100100000000500170001000800410002702000150006804000250008324500870010826000550019530000280025049000280027870000290030671000530033583000280038800004740320201002060525.0180515s20uu dr a 000 0 spa d a9993492221 aDO-SdBNPbspacBNPHU00aQué rápido aprendo a leer :blectura inicial /ccoordinación Jacobo Ramos P. aSanto Domingo, República Dominicana :,c[200-?]. a96 p. :bils. ;c28 cm.1 aActualidad escolar 20001 aRamos P., Jacoboecoord.2 aActualidad escolar 2000 (República Dominicana) 0aActualidad escolar 2000